[Event "Krakow Malopolski Cup"]
[Site "Krakow"]
[Date "2022.08.06"]
[Round "5"]
[White "Wasiluk, Dominik"]
[Black "Kielar, Wiktor"]
[Result "1-0"]
[WhiteElo "1341"]
[BlackElo "1305"]
[PlyCount "107"]
[EventDate "2022.08.04"]
[EventType "swiss"]
[EventRounds "9"]
[EventCountry "POL"]
[SourceTitle "CBM 209 Extra"]
[Source "ChessBase"]
[SourceDate "2022.09.30"]
[SourceVersion "1"]
[SourceVersionDate "2022.09.30"]
[SourceQuality "1"]

1. e4 c5 2. Nf3 g6 3. d4 cxd4 4. Nxd4 Bg7 5. c4 Nc6 6. Be3 Nf6 7. Nc3 0-0 8. Be2 d6 9. 0-0 Bd7 10. Kh1 a6 11. Rc1 Rc8 12. b3 Nxd4 13. Bxd4 Bc6 14. f3 Qa5 15. Rc2 Nd7 16. Bxg7 Kxg7 17. Qd4+ Kg8 18. Rb1 Qb4 19. Qe3 Qc5 20. Qd2 a5 21. Bd3 Qd4 22. Ne2 Qa7 23. Qc3 Rc7 24. Nf4 Rfc8 25. Qd2 a4 26. b4 b6 27. a3 Ne5 28. Rbc1 Bb7 29. Be2 Nd7 30. Nd3 Ba6 31. Nb2 Bb7 32. Nd1 Bc6 33. Nc3 Nb8 34. h4 h5 35. f4 Qa8 36. Bf3 Nd7 37. Qd3 Nf6 38. Nd5 Bxd5 39. exd5 Qb7 40. Bd1 b5 41. cxb5 Rxc2 42. Rxc2 Rxc2 43. Qxc2 Qxd5 44. Qxa4 Ne4 45. Bf3 Qd3 46. Qa8+ Kg7 47. Qxe4 Qxa3 48. b6 d5 49. Qd4+ f6 50. b7 Qc1+ 51. Kh2 Qe1 52. g3 e5 53. fxe5 fxe5 54. Qb2 1-0

[Event "POL-ch U10"]
[Site "Jastrzebia Gora"]
[Date "2022.03.14"]
[Round "7"]
[White "Zawal, Krzysztof"]
[Black "Wasiluk, Dominik"]
[Result "1-0"]
[WhiteElo "1354"]
[BlackElo "1050"]
[PlyCount "47"]
[EventDate "2022.03.08"]
[EventType "swiss"]
[EventRounds "9"]
[EventCountry "POL"]
[SourceTitle "EXT 2023"]
[Source "ChessBase"]
[SourceDate "2022.10.05"]
[SourceVersion "1"]
[SourceVersionDate "2022.10.05"]
[SourceQuality "1"]

1. e4 c5 2. Nf3 Nc6 3. c3 d6 4. d4 cxd4 5. cxd4 Bg4 6. d5 Bxf3 7. Qxf3 Ne5 8. Bb5+ Nd7 9. 0-0 a6 10. Bxd7+ Qxd7 11. Nc3 Nf6 12. Bg5 Qg4 13. Qe3 Nd7 14. h3 Qh5 15. f4 h6 16. g4 Qg6 17. Bh4 h5 18. g5 e5 19. dxe6 Qxe6 20. Nd5 Rc8 21. f5 Qe5 22. Bg3 Qxb2 23. Rfb1 Qc2 24. Rc1 1-0

[Event "POL-ch U10"]
[Site "Jastrzebia Gora"]
[Date "2022.03.08"]
[Round "1"]
[White "Rutkowski, Feliks"]
[Black "Wasiluk, Dominik"]
[Result "1/2-1/2"]
[WhiteElo "1255"]
[BlackElo "1050"]
[PlyCount "96"]
[EventDate "2022.03.08"]
[EventType "swiss"]
[EventRounds "9"]
[EventCountry "POL"]
[SourceTitle "EXT 2023"]
[Source "ChessBase"]
[SourceDate "2022.10.05"]
[SourceVersion "1"]
[SourceVersionDate "2022.10.05"]
[SourceQuality "1"]

1. e4 c5 2. Nf3 Nc6 3. d4 cxd4 4. Nxd4 Nf6 5. Nc3 e6 6. Ndb5 d6 7. Bf4 e5 8. Bg5 a6 9. Na3 b5 10. Bxf6 Qxf6 11. Nd5 Qd8 12. Qd2 Be6 13. 0-0-0 Bxd5 14. Qxd5 Rc8 15. Kb1 Qb6 16. c4 b4 17. c5 Qxc5 18. Qxc5 dxc5 19. Bxa6 Rd8 20. Bb5 Rc8 21. Nc4 Ke7 22. Bxc6 Rxc6 23. Nxe5 Re6 24. Rd5 f6 25. Nd3 Rxe4 26. Nxc5 Re5 27. Rxe5+ fxe5 28. Re1 Kd6 29. Nd3 Kd5 30. Nxe5 Bc5 31. Nd3 Bd6 32. Kc2 Rc8+ 33. Kd2 Rb8 34. b3 Ra8 35. Re2 Rxa2+ 36. Ke3 Ra3 37. Rb2 Ra7 38. Ke2 Kd4 39. Kd2 Rf7 40. g3 Rf3 41. Ne1 Rxf2+ 42. Kc1 Rf7 43. Rd2+ Kc5 44. Nd3+ Kc6 45. Kc2 Ra7 46. Nc1 Be5 47. Nd3 Bd6 48. Nc1 Be5 1/2-1/2

[Event "POL-ch U10"]
[Site "Jastrzebia Gora"]
[Date "2021.??.??"]
[Round "9"]
[White "Gibala, Adam"]
[Black "Wasiluk, Dominik"]
[Result "1-0"]
[WhiteElo "1253"]
[BlackElo "1125"]
[PlyCount "141"]
[EventDate "2021.02.28"]
[EventType "swiss"]
[EventRounds "9"]
[EventCountry "POL"]
[SourceTitle "EXT 2022"]
[Source "ChessBase"]
[SourceDate "2021.10.06"]
[SourceVersion "1"]
[SourceVersionDate "2021.10.06"]
[SourceQuality "1"]

1. d4 d5 2. c4 c6 3. Nf3 Nf6 4. g3 Bf5 5. Bg2 e6 6. 0-0 Be7 7. Nc3 0-0 8. Bg5 Nbd7 9. Qb3 Qb6 10. Rfe1 dxc4 11. Qxc4 Qxb2 12. e4 Nb6 13. Qd3 Bg6 14. Rab1 Qa3 15. Nh4 Rad8 16. Nxg6 fxg6 17. e5 Nfd5 18. Bxe7 Qxe7 19. Ne4 Nc8 20. Bh3 b6 21. Qc4 Nc7 22. Red1 Qd7 23. Rbc1 Ne7 24. Nd6 b5 25. Qe2 Nf5 26. Bxf5 gxf5 27. Qc2 Ne8 28. Nxe8 Rfxe8 29. a4 bxa4 30. Qxa4 Rc8 31. Rc5 Rc7 32. Rdc1 Rec8 33. R1c4 g5 34. Qc2 Kg7 35. Qc1 h6 36. Qc3 Rb8 37. Qa1 Rcb7 38. Qa4 Rc7 39. Rc1 Rb6 40. Qa1 Rb5 41. R5c4 Qd5 42. Qa6 Rb6 43. Qa4 Rcb7 44. Rc5 Rb4 45. Rxd5 Rxa4 46. Rd6 Rbb4 47. Rcxc6 Rxd4 48. Rc7+ Kf8 49. Rxe6 Rd1+ 50. Kg2 g4 51. Rxh6 Kg8 52. Re6 Kf8 53. Rf6+ Ke8 54. Rh6 Kd8 55. Rf7 Kc8 56. Rxf5 Raa1 57. Rf8+ Kc7 58. Rf7+ Kc8 59. Rh8+ Rd8 60. Rxd8+ Kxd8 61. Rf4 Ra5 62. Rxg4 Rxe5 63. Rd4+ Ke7 64. f4 Rb5 65. Kf3 a5 66. Ke4 Rb2 67. h4 Rb3 68. g4 Rh3 69. h5 Rh4 70. Kf5 Rh1 71. Ra4 1-0